Anar al contingut

Управление производством электроэнергии на тепловых электростанциях с помощью автоматизированных информационных систем монография

Изложены современные походы к управлению промышленными теплоэлектростанциями с помощью программно-аппаратных комплексов, обеспечивающих информационно-аналитическую поддержку решения производственных задач. Выработка электрической и тепловой энергии рассматривается в виде многоаспектного системного п...

Descripció completa

Guardat en:
Dades bibliogràfiques
Autor principal: Табуров Д.Ю
Format: Книга
Matèries:
Accés en línia:https://www.studentlibrary.ru/book/ISBN9785383013489.html
Etiquetes: Afegir etiqueta
Sense etiquetes, Sigues el primer a etiquetar aquest registre!
LEADER 03106nam a2200253 4500
001 book/ISBN9785383013489
005 20250903142001.0
010 |a 978-5-383-01348-9 
100 |a 20190718c2019 u y0rusy50 ca 
101 | |a rus 
102 |a RU 
105 |a ||||||||000yy 
200 1 |a Управление производством электроэнергии на тепловых электростанциях с помощью автоматизированных информационных систем  |e монография  |f Табуров Д.Ю., Николаев П.В. 
210 1 |a Москва  |c МЭИ  |d 2019 
215 |a   
330 |a Изложены современные походы к управлению промышленными теплоэлектростанциями с помощью программно-аппаратных комплексов, обеспечивающих информационно-аналитическую поддержку решения производственных задач. Выработка электрической и тепловой энергии рассматривается в виде многоаспектного системного процесса, происходящего на электростанции как на коммерческом предприятии, ориентированном на получение максимальной прибыли в рыночных условиях при соблюдении законодательных и иных отраслевых норм, а также с учётом возможностей находящегося в эксплуатации генерирующего оборудования. Приведены как широко известные, так и оригинальные положения, отражающие исследования авторов в области автоматизированного управления непрерывным производственным циклом. Настоящее электронное издание подготовлено на основе одноименного печатного издания, вышедшего в Издательском доме МЭИ в 2016 году. Для руководителей и специалистов энергогенерирующих компаний, инженерно-технического персонала, осуществляющего проектирование информационных систем для энергетики, а также для студентов и аспирантов соответствующего профиля. 
610 0 |a Электро- и теплоэнергетика 
675 |a 65.011.56:004.414.22 
686 |a 31.27-05  |2 rubbk 
700 1 |a Табуров  |b Д.Ю. 
701 1 |a Николаев  |b П.В. 
801 0 |a RU  |b Geotar  |c 20190718  |g RCR  |2 rusmarc 
801 1 |a RU  |b Geotar  |c 20190718 
856 4 |u https://www.studentlibrary.ru/book/ISBN9785383013489.html